| 000 | nam a22 a 4500 | ||
|---|---|---|---|
| 999 |
_c4216 _d4216 |
||
| 003 | AKMAL | ||
| 005 | 20170525152948.0 | ||
| 008 | 170525 1969 my 000 eng d | ||
| 040 | _aAKMAL | ||
| 082 | 0 | 4 | _a959.504 SIM |
| 090 |
_a959.504 _bSIM |
||
| 100 | 1 |
_aSimandjuntak, B _98255 |
|
| 245 | 1 | 0 |
_aMalayan federalism 1945-1963 : _ba study of federal problems in a plural society. |
| 260 |
_aKuala Lumpur : _bOxford University Press, _c1969. |
||
| 300 | 0 | 0 |
_axi, 347p. ; _c22cm. |
| 942 |
_2ddc _cBOOK |
||